000 00751nam a2200265Ia 4500
001 1915
005 20240113233520.0
007 ta
008 050217s1987 a g b000 u eng u
020 _a0-333-43471-4
040 _aCotton College,Assam
041 _aeng
082 _a540.03
_bJa 231 Ma
100 _aHibbert, D. B .
245 0 _aMacmillan Dictionary of Chemistry /
_cD. B. Hibbert and A. M. James.
_hTextual Documents
250 _a1st ed. /
260 _aLondon :
_bMacmillan reference books ,
_c1987.
300 _a530p. :
_bill ;
_c23cm .
653 _aDictionary-Chemistry
653 _aChemistry-Dictionaries
653 _aReference-Dictionaries
942 _2ddc
_cBK
999 _c1908
_d1908